000 01173nam a2200325 i 4500
001 179911
003 ES-MaACL
005 20230927152236.0
008 120223s2011 sp d |||| | spa d
020 _a978-84-9888-284-1
080 _a37(61)
100 1 _aAkkari, Abdeljalil.
_9149437
245 1 3 _aLa escuela en el Magreb
_b: un desarrollo inacabado /
_cAbdeljalil Akkari ; [prólogo, Gema Martín Muñoz].
250 _a1ª ed.
260 _aBarcelona :
_bIcaria ;
_a[Madrid] :
_bCasa Árabe,
_c2011.
300 _a183 p. :
_bgráf. ;
_c22 cm.
490 1 _aAntrazyt ;
_v335
490 1 _aBiblioteca de Casa Árabe
504 _aBibliografía: p.173-183.
650 0 4 _aEnseñanza-
_zMagreb.
_9149438
651 4 _aMagreb-
_xCivilización.
_99085
700 1 _aMartín Muñoz, Gema.
_977583
710 2 _aCasa Árabe e Instituto Internacional de Estudios Árabes y del Mundo Musulmán.
_9148163
830 0 _aAntrazyt ;
_v335
_9230606
830 0 _aBiblioteca de Casa Árabe
_9191400
852 _aES-MaACL
_9186815
_bR.146940
_jA-11989
_dOlim: N-4994
_cDEPO1
942 _2udc
_cMONOGRAFIA
999 _c179911
_d179911